000 01445nam a2200349Ia 4500
999 _c53681
_d53681
001 20728
003 GE_BSU
005 20210316190252.0
008 181216s2016||||xx |||||||||||||| ||eng||
020 _a9783847406129
040 _cGE_BSU
041 _aeng
080 _a327 M-92
100 _aMuftuler-Bac, Meltem
_910488
245 _aDivergent Pathways : Turkey and the European Union :
_b Re-Thinking the Dynamics of Turkish-European Union Relations /
_cMeltem Muftuler-Bac.
264 _aOpladen :
_bBarbara Budrich Publishers,
_c2016.
300 _a159 p. ;
_c25 cm.
500 _abibliogr. : p.149-159
541 _h111 Gel.
653 _aDivergent Pathways
653 _aTurkey and the European Union
653 _a Re-Thinking the Dynamics of Turkish-European Union Relations
653 _aПолитика
653 _aРасходящиеся пути
653 _aТурция и Европейский союз
653 _aпереосмысление динамики отношений между Турцией и Европейским союзом
653 _aგანსხვავებული გზები
653 _aთურქეთი და ევროკავშირი
653 _aთურქეთისა და ევროკავშირის კავშირების დინამიკა
653 _aპოლიტიკა
942 _cBK
_2udc